000 00935naa a22002777a 4500
001 BR7302619
003 BR-BrBNA
005 20240918173452.0
007 ta
008 230509b bl.||||| |||| 00| 0 por d
040 _aBR-BrBNA
_bpor
_cBiblioteca Nacional de Agricultura
041 _a(Pt)
072 _aF30
_b0180
_bG514
090 _aF30 BR7302619
100 1 _aGomes, E.P.
100 1 _aSousa, C.N.A. de
111 1 _a5. Reuniao Anual Conjunta de Pesquisa de Trigo
_cPorto Alegre, RS (Brazil)
_d2 Apr 1973
245 1 _aInformacoes preliminares sobre o numero de dias entre a castracao e a polinizacao em trigo [Triticum aestivum, Brasil]
260 3 _aPasso Fundo, RS (Brasil):
_c1973.
500 _aTrigo - melhoramento Passo Fundo, RS (Brasil): 1973. p. 15-16 (BR7302619-AM)F30
650 _aCASTRACAO
650 _aPOLINIZACAO
650 _aTRIGO
909 _a202404
_bLucia
_c55
_dLucia Elande
942 _cAM
_2AGRIS
999 _c304783
_d304783